Statistiques concernant Pays organisateurs de la Coupe du Monde de rugby

Cliquez ici pour prendre le quiz!

Statistiques générales

  • Ce quiz a été pris 55 fois
  • Le résultat moyen est 8 sur 9

Statistiques - réponses

Année Pays organisateur % Correct
1991Angleterre
100%
2007France
100%
2015Angleterre
100%
1987Australie / Nouvelle-Zélande
98%
2003Australie
98%
2011Nouvelle-Zélande
98%
1995Afrique du Sud
93%
2019Japon
87%
1999Pays de Galles
76%

Distribution des résultats

Percentile by Number Answered

% des personnes avec chaque résultat

Votre développement - résultats

Vous n’avez pas pris ce quiz